000
00223 a2200109 4500
020
_a
9789583039232
041
_a
spa
100
_a
Andersen, Hans Christian
245
_a
El soldadito de plomo
942
_c
BK
952
_7
1
999
_c
16828
_d
16828